000
00288nam a22001337a 4500
008
170529b xxu||||| |||| 00| 0 eng d
020
_a
9780827386464
041
_a
eng
080
_2
2ND
_a
621.3
100
_a
27
101
_a
IM
245
_a
ELECTRICITY
_c
HERMAN, S.L
942
_2
udc
_c
BK
999
_c
14767
_d
14767